000 00317nam a2200145Ia 4500
100 _aLiskin M
942 _cBK
654 _aComputer
245 _aPrograming Foxpro 2.5. also covers Ver 2.6.
260 _bBPB Pub
_aNew Delhi
_c1995
082 _a005.13 'F'
300 _a648
546 _aENGLISH
999 _c30197
_d30197